000 01013nam a2200265Ia 4500
001 601
003 GE_BSU
008 181216s||||||||xx |||||||||||||| ||und||
020 _a9941021404
040 _cGE_BSU
080 _a1(09)
100 _aთევზაძე, გურამ
245 _aახალი ფილოსოფიის ისტორია.ნ.1
245 _bგანმანათლებლობა(ფრენსის ბეკონიდან იმანუილ კანტამდე)
245 _cრედ.ნინო ფიფია.საქ.მეცნ.ეროვნული აკადემია
260 _aთბილისი
260 _bგამ–ბა CARDEDIEM
260 _c2009
300 _a403გვ.
541 _h12ლ.
653 _aახალი ფილოსოფიის ისტორია
653 _aგანმანათლებლობა
653 _aფილოსოფია
942 _cBK
999 _c34791
_d34791